| 000 | 01662cam a22002054a 4500 | ||
|---|---|---|---|
| 005 | 20250605164213.0 | ||
| 008 | 250528s ||||||||||||||||||||||||d | ||
| 035 | _a20327 | ||
| 020 | _a201721503 | ||
| 040 |
_aGR-AtMCL _bgre _dGR-AtMCL _eAACR2 |
||
| 245 | 1 | _aCreating Value from Mergers and Acquisitions / The Challenges: An Integrated and International Perspective | |
| 260 |
_bPrentice Hall, _c2003 |
||
| 300 | _a594 | ||
| 505 | 0 | _aPreface, Publisher's Acknowledgements, Introduction, Historic and Conceptual and Performance Overview of Mergers and Acquisitions, Historical Overview of Mergers and Acquisitions Activity, Alternative Perspectives on Mergers, Are Acquisitions Successful?, Corporate Strategy and Organizing for Acquisitions, Sources and Limits of Value Creation in Horizontal Mergers, Sources and Limits of Value Creation in Consolidating Fragmented Industries, Sources and Limits of Value Creation in Vertical Mergers, Sources and Limits of Value Creation in Conglomerate Acquisitions, Cross-Border Acquisitions, Strategic Alliances as an Alternative to Mergers and Acquisitions, Corporate Refocusing, Leverage Buyouts, Organizing for Acquisitions, Deal Structuring and Negotiation, Target Valuation, Accounting for Mergers and Acquisitions, Paying for the Acquisition, Antitrust Regulation, Regulating Takeover Bids, Advisers in Takeovers, Post-Acquisition Integration and Organizational Learning, Index. | |
| 520 | _aThis book provides a comparative analysis of the M & A scene in Europe and the US, the two most active markets in the World. | ||
| 700 | 1 |
_aSudarsanam Sudi _96333 |
|
| 942 | _cBK | ||
| 999 |
_c5449 _d5449 |
||